Quick Pick: Prince Quiz Stats

 Plays Quiz Updated Mar 24, 2018

Challenge
Share
Tweet
Embed
Score 0/15 Timer 01:30
0 Plays Today
% Correct
Beautiful
96.2%
Bad
95.9%
Girls
95.6%
Nothing
94.8%
You
93.6%
Long
93.3%
Prince
92.8%
Married
92.7%
% Correct
Mine
87.5%
Place
84.8%
Star
84.6%
Mind
77.5%
Park
76.6%
Love
76.1%
Power
71.1%

Today's Daily Dose

You're not logged in!

Compare scores with friends on all Sporcle quizzes.
OR
Log In

You Might Also Like...

Show Comments

Extras

Top Quizzes Today


Score Distribution

Your Account Isn't Verified!

In order to create a playlist on Sporcle, you need to verify the email address you used during registration. Go to your Sporcle Settings to finish the process.

Report this User

Report this user for behavior that violates our Community Guidelines.

Details: